<?xml version="1.0" encoding="UTF-8"?>
<record
    xmlns:xsi="http://www.w3.org/2001/XMLSchema-instance"
    xsi:schemaLocation="http://www.loc.gov/MARC21/slim http://www.loc.gov/standards/marcxml/schema/MARC21slim.xsd"
    xmlns="http://www.loc.gov/MARC21/slim">

  <leader>01698nam a22002777a 4500</leader>
  <datafield tag="952" ind1=" " ind2=" ">
    <subfield code="0">0</subfield>
    <subfield code="1">0</subfield>
    <subfield code="4">0</subfield>
    <subfield code="7">0</subfield>
    <subfield code="a">22</subfield>
    <subfield code="b">22</subfield>
    <subfield code="d">2020-02-12</subfield>
    <subfield code="l">0</subfield>
    <subfield code="o">909.82 M923d</subfield>
    <subfield code="p">01 015234</subfield>
    <subfield code="r">2020-02-12</subfield>
    <subfield code="t">1</subfield>
    <subfield code="w">2020-02-12</subfield>
    <subfield code="y">LB</subfield>
  </datafield>
  <datafield tag="999" ind1=" " ind2=" ">
    <subfield code="c">104858</subfield>
    <subfield code="d">104858</subfield>
  </datafield>
  <controlfield tag="008">150106r20112010mx bo||| |||| 00| 0 spa d</controlfield>
  <datafield tag="020" ind1=" " ind2=" ">
    <subfield code="a">9786077705017</subfield>
  </datafield>
  <datafield tag="082" ind1=" " ind2=" ">
    <subfield code="a">909</subfield>
    <subfield code="b">M923d</subfield>
  </datafield>
  <datafield tag="245" ind1=" " ind2=" ">
    <subfield code="a">El mundo de 1945 a 1979 </subfield>
    <subfield code="b"> : la conformaci&#xF3;n del mundo bipolar y del tercer mundo</subfield>
    <subfield code="c">/ coordinadores Sergio Valencia Castrej&#xF3;n y Alma Guadalupe Palacios Hern&#xE1;ndez</subfield>
  </datafield>
  <datafield tag="260" ind1=" " ind2=" ">
    <subfield code="a">M&#xE9;xico</subfield>
    <subfield code="b"> : Edere </subfield>
    <subfield code="c"> , 2010</subfield>
  </datafield>
  <datafield tag="300" ind1=" " ind2=" ">
    <subfield code="a">88 p&#xE1;ginas</subfield>
    <subfield code="b">ilustrado, mapas, fotograf&#xED;as, gr&#xE1;ficas</subfield>
  </datafield>
  <datafield tag="500" ind1=" " ind2=" ">
    <subfield code="a">T&#xED;tulo en portada: Historia mundial del Imperialismo a la globalizaci&#xF3;n de 1945 a 1979 

Primera Reimpresi&#xF3;n del 2011
</subfield>
  </datafield>
  <datafield tag="504" ind1=" " ind2=" ">
    <subfield code="a">Incluye: Bibliograf&#xED;a, Actividades, Ligas &#xFA;tiles en cada cap&#xED;tulo</subfield>
  </datafield>
  <datafield tag="505" ind1=" " ind2=" ">
    <subfield code="a">El mundo despu&#xE9;s de la guerra : Costos sociales y econ&#xF3;micos. Plan Marshall. Las instituciones internacionales de posguerra: Marina Llanos Hern&#xE1;ndez
La conformaci&#xF3;n del mundo bipolar: Sergio Valencia Castrej&#xF3;n
Descolonizaci&#xF3;n, movimientos de liberaci&#xF3;n nacional y Tercer Mundo: Arturo Luis Alonzo Padilla
Las respuestas sociales a la bipolaridad : los movimientos de contracultura y las contradicciones al interior del bloque sovi&#xE9;tico: Sergio Valencia Castrej&#xF3;n</subfield>
  </datafield>
  <datafield tag="519" ind1=" " ind2=" ">
    <subfield code="a">Material Complementario</subfield>
    <subfield code="d">(01 015234)</subfield>
  </datafield>
  <datafield tag="650" ind1="1" ind2="4">
    <subfield code="a">HISTORIA UNIVERSAL</subfield>
    <subfield code="y">1945-1979</subfield>
  </datafield>
  <datafield tag="650" ind1="2" ind2="4">
    <subfield code="a">IMPERIALISMO</subfield>
  </datafield>
  <datafield tag="650" ind1="2" ind2="4">
    <subfield code="a">GLOBALIZACION</subfield>
    <subfield code="x">ASPECTOS ECONOMICOS</subfield>
  </datafield>
  <datafield tag="650" ind1="2" ind2="0">
    <subfield code="a">GLOBALIZACION</subfield>
    <subfield code="x">ASPECTOS SOCIALES</subfield>
  </datafield>
  <datafield tag="700" ind1=" " ind2=" ">
    <subfield code="a">Valencia Castrej&#xF3;n, Sergio</subfield>
    <subfield code="e">coordinador</subfield>
  </datafield>
  <datafield tag="700" ind1=" " ind2=" ">
    <subfield code="a">Palacios Hern&#xE1;ndez, Alma Guadalupe</subfield>
    <subfield code="e">coordinadora</subfield>
  </datafield>
  <datafield tag="700" ind1=" " ind2=" ">
    <subfield code="a">Favela Gavia, Laura Rebeca</subfield>
    <subfield code="e">autor</subfield>
  </datafield>
  <datafield tag="700" ind1=" " ind2=" ">
    <subfield code="a">Llanos Hern&#xE1;ndez, Marina</subfield>
    <subfield code="e">autor</subfield>
  </datafield>
  <datafield tag="700" ind1=" " ind2=" ">
    <subfield code="a">Alonzo Padilla, Arturo Luis</subfield>
    <subfield code="e">autor</subfield>
  </datafield>
  <datafield tag="942" ind1=" " ind2=" ">
    <subfield code="c">LB</subfield>
    <subfield code="2">lcc</subfield>
  </datafield>
</record>
